000 00545nam a2200181Ia 4500
008 240729s9999 xx 000 0 und d
022 _a2634-3606
245 0 _aEnvironmental Science: Atmospheres
260 _aUnited Kingdom
260 _bThe Royal Society of Chemistry
650 _a Environmental sciences | Science
650 _a Meteorology. Climatology
650 _a Physics
650 _aGeography. Anthropology. Recreation
856 _uhttps://doaj.org/toc/954c3fa2a39745e39b86d3a6d55d8b26
942 _2ddc
942 _cDOAJEJ
999 _c67054
_d67054
945 _a1
_bMadushi Gamage
_c1
_dMadushi Gamage